| 000 | 01427nam0a22002771 4500 | ||
|---|---|---|---|
| 001 | RU\NLR\INFOCOMM_161\5000058744 | ||
| 005 | 20260406110507.0 | ||
| 035 | _a(NLR Aleph) 009158276 | ||
| 090 |
_a8437815 _c8437815 |
||
| 100 | _a20100129d1982 |||y0rusy50 ca | ||
| 101 | 1 |
_afre _crus |
|
| 102 | _aRU | ||
| 105 | _ay ||||000|y | ||
| 200 | 1 |
_aAxer l'attention des syndicats sur les besoins des travailleurs et les impératifs de la production _eIntervention du Secrétaire Général du Com. Centr. du Parti Commun. de l'Union Soviétique, président du Présidium du Soviet Suprême de l'U. R. S. S. au XVII-e Congr. des syndicats de l'U. R. S. S. le 16 mars 1982 |
|
| 210 |
_aΜ. _cÉd. de l'Agence de presse "Novosti" _d1982 |
||
| 215 |
_a29 с. _d17 см |
||
| 300 | _aВ вып. дан.: Заботу о людях труда, заботу о производстве - в центре внимания профессиональных союзов: Речь на XVII съезде профсоюзов СССР 16 марта 1982 года / Леонид Ильич Брежнев | ||
| 686 |
_aФ72(2)273, 4 _2rubbk |
||
| 686 |
_aФ72(2)273-11"1982" _2rubbk |
||
| 686 |
_aФ61(2)273-416.32, 012 _2rubbk |
||
| 700 | 1 |
_4070 _8rus _7ca _aBrežnev _bL. I. _f1906-1982 _gLeonid Il'ič _3RU\NLR\AUTH\77109814 _992739 |
|
| 801 | 1 |
_aRU _bNLR _c20100129 |
|
| 801 | 0 |
_aRU _bNLR _gPSBO |
|
| 852 |
_aNLR _jИр71 Д-2/61 |
||
| 942 | _cBOOK | ||
| 980 | _aNB | ||